00354pab a2200109 454500008004000000100001800040245009800058260000900156300001000165650001800175773005100193180718b1985 xxu||||| |||| 00| 0 eng d aAndiappan, P. aPublic Policy and equal paybA comparative study of equal pay laws in Canada, U.S.A. and U.K. c1985 a24-31 aPublic Policy aInternational Review of Administrtive Sciences